[Event "Olympiad-45"]
[Site "Budapest"]
[Date "2024.09.20"]
[Round "9.2"]
[White "Espirito Santo, Waldyr"]
[Black "Al Ibrahim, Abdulrahman"]
[Result "0-1"]
[WhiteElo "1926"]
[BlackElo "1932"]
[PlyCount "68"]
[EventDate "2024.09.11"]
[EventType "team-swiss"]
[EventRounds "11"]
[EventCountry "HUN"]
[SourceTitle "EXT 2025"]
[Source "ChessBase"]
[SourceDate "2024.10.14"]
[SourceVersion "1"]
[SourceVersionDate "2024.10.14"]
[SourceQuality "1"]
[WhiteTeam "Sao Tome and Principe"]
[BlackTeam "Kuwait"]
[WhiteTeamCountry "SAO"]
[BlackTeamCountry "KUW"]

1. e4 e5 2. Nf3 Nc6 3. Bc4 Nf6 4. d3 Be7 5. 0-0 0-0 6. Re1 d6 7. c3 Na5 8. Bb5 a6 9. Ba4 b5 10. Bc2 c5 11. Nbd2 Nc6 12. Nf1 h6 13. Ng3 Re8 14. h3 Bf8 15. Nh2 Be6 16. Qf3 d5 17. Ng4 Nxg4 18. hxg4 d4 19. Nf5 dxc3 20. bxc3 a5 21. Be3 a4 22. g3 b4 23. d4 cxd4 24. cxd4 Nxd4 25. Nxd4 exd4 26. Bf4 Qc8 27. Bd1 Qc3 28. Be2 Bxa2 29. Bd3 Bc4 30. Be2 Qxf3 31. Bxf3 b3 32. e5 b2 33. Bxa8 Rxa8 34. Rad1 a3 0-1

[Event "Online Olym Div4 D"]
[Site "Chess.com INT"]
[Date "2021.08.22"]
[Round "10.3"]
[White "Cisse, Amadou Lamine"]
[Black "Espirito Santo, Waldyr"]
[Result "0-1"]
[WhiteElo "2000"]
[BlackElo "1906"]
[PlyCount "126"]
[EventDate "2021.08.20"]
[EventType "team (rapid)"]
[EventRounds "11"]
[EventCountry "USA"]
[SourceTitle "CBM 203 Extra"]
[Source "ChessBase"]
[SourceDate "2021.09.30"]
[SourceVersion "1"]
[SourceVersionDate "2021.09.30"]
[SourceQuality "1"]
[WhiteTeam "Senegal"]
[BlackTeam "Sao Tome and Principe"]
[WhiteTeamCountry "SEN"]
[BlackTeamCountry "SAO"]

1. d4 Nf6 2. Bg5 e6 3. e4 Be7 4. e5 Ng8 5. Be3 d6 6. f4 h5 7. Nf3 Nh6 8. Bd3 Nc6 9. c3 Bd7 10. 0-0 Ng4 11. Bd2 g6 12. Qc2 Kf8 13. d5 exd5 14. f5 Ngxe5 15. Nxe5 Nxe5 16. fxg6 f6 17. Bg5 Kg7 18. Bh4 Ng4 19. Qe2 Re8 20. Qd2 c6 21. Rf3 Qb6+ 22. Kh1 Bd8 23. h3 Ne5 24. Rf1 Nxd3 25. Qxd3 f5 26. Bf2 Qa6 27. Qd1 Kxg6 28. c4 Qxc4 29. Nc3 Bf6 30. Rc1 Bxc3 31. Rxc3 Qe2 32. Rg3+ Kh7 33. Bd4 Qxd1 34. Rg7+ Kh6 35. Rxd1 Be6 36. Rd3 Rg8 37. Rxb7 Rab8 38. Rdb3 Rxb7 39. Rxb7 a5 40. Re7 Rg6 41. h4 f4 42. Ra7 Rg4 43. Bf6 Kg6 44. Bg5 Kf5 45. Rxa5 Ke4 46. Kg1 d4 47. Ra4 c5 48. b4 c4 49. b5 f3 50. Kf2 Rxg2+ 51. Kf1 Rb2 52. a3 Rxb5 53. Rb4 Bh3+ 54. Ke1 Rc5 55. Kf2 c3 56. Bc1 d5 57. a4 Rc4 58. Rxc4 dxc4 59. a5 Bc8 60. Ke1 d3 61. Bg5 f2+ 62. Kxf2 d2 63. Ke2 Bg4+ 0-1

[Event "Online Olym Div4 D"]
[Site "Chess.com INT"]
[Date "2021.08.22"]
[Round "9.5"]
[White "Espirito Santo, Waldyr"]
[Black "Amba, Oyon Marius Claude"]
[Result "0-1"]
[WhiteElo "1906"]
[BlackElo "1967"]
[PlyCount "128"]
[EventDate "2021.08.20"]
[EventType "team (rapid)"]
[EventRounds "11"]
[EventCountry "USA"]
[SourceTitle "CBM 203 Extra"]
[Source "ChessBase"]
[SourceDate "2021.09.30"]
[SourceVersion "1"]
[SourceVersionDate "2021.09.30"]
[SourceQuality "1"]
[WhiteTeam "Sao Tome and Principe"]
[BlackTeam "Cameroon"]
[WhiteTeamCountry "SAO"]
[BlackTeamCountry "CAM"]

1. e4 c5 2. d3 e6 3. Nf3 Nc6 4. g3 Qc7 5. Bg2 Nf6 6. Na3 a6 7. 0-0 Be7 8. Nc4 e5 9. a4 d6 10. c3 Be6 11. Ne3 h6 12. h3 Rd8 13. Qc2 0-0 14. Nh4 Kh7 15. Nhf5 Ng8 16. Bd2 g6 17. Nxe7 Ncxe7 18. Nd5 Qc8 19. Kh2 Bxd5 20. exd5 Nf6 21. c4 Nf5 22. Be3 Nd4 23. Bxd4 exd4 24. Rfe1 Rde8 25. Qd2 Qd8 26. Bf3 a5 27. Rxe8 Rxe8 28. Re1 b6 29. Kg2 Rxe1 30. Qxe1 Qe8 31. Qd1 Nd7 32. Qb3 Qd8 33. h4 Ne5 34. Be2 Qe7 35. Kf1 Qd8 36. Qb5 Kg7 37. Kg2 g5 38. hxg5 hxg5 39. Qb3 g4 40. Qd1 f5 41. Qd2 Kg6 42. f4 gxf3+ 43. Bxf3 Qg5 44. Qxg5+ Kxg5 45. Be2 f4 46. Kf2 f3 47. Bf1 Kg4 48. b3 Nf7 49. Bh3+ Kxh3 50. Kxf3 Ne5+ 51. Kf4 Nxd3+ 52. Kf5 Nf2 53. Kf4 d3 54. Ke3 Kxg3 55. Kd2 Kf3 56. b4 axb4 57. a5 bxa5 58. Ke1 a4 59. Kd2 a3 60. Kc1 Ke2 61. Kb1 d2 62. Ka2 Kd3 63. Kb3 d1Q+ 64. Ka2 Qc2+ 0-1

[Event "Online Olym Div4 E"]
[Site "Chess.com INT"]
[Date "2020.08.02"]
[Round "9.3"]
[White "Espirito Santo, Waldyr"]
[Black "Gontcharov, Serguei"]
[Result "1-0"]
[WhiteElo "1914"]
[BlackElo "1864"]
[PlyCount "47"]
[EventDate "2020.07.31"]
[EventType "team-tourn (rapid)"]
[EventRounds "9"]
[EventCountry "USA"]
[SourceTitle "CBM 198"]
[Source "ChessBase"]
[SourceDate "2020.10.31"]
[SourceVersion "1"]
[SourceVersionDate "2020.10.31"]
[SourceQuality "1"]
[WhiteTeam "Sao Tome and Principe"]
[BlackTeam "Bermuda"]
[WhiteTeamCountry "SAO"]
[BlackTeamCountry "BER"]

1. e4 c5 2. d3 Nc6 3. Nf3 e6 4. g3 d5 5. Qe2 dxe4 6. dxe4 e5 7. c3 Nf6 8. Bg2 Bg4 9. h3 Bxf3 10. Qxf3 Be7 11. 0-0 0-0 12. Rd1 Qc7 13. Na3 a6 14. Nc4 Rad8 15. Bg5 b5 16. Ne3 Rxd1+ 17. Rxd1 Rd8 18. h4 c4 19. Rxd8+ Bxd8 20. Bh3 h6 21. Bxf6 Bxf6 22. Nf5 Ne7 23. Nxh6+ Kf8 24. Ng4 1-0

[Event "Online Olym Div4 E"]
[Site "Chess.com INT"]
[Date "2020.08.02"]
[Round "8.3"]
[White "White, Rushawn"]
[Black "Espirito Santo, Waldyr"]
[Result "1-0"]
[WhiteElo "1743"]
[BlackElo "1914"]
[PlyCount "111"]
[EventDate "2020.07.31"]
[EventType "team-tourn (rapid)"]
[EventRounds "9"]
[EventCountry "USA"]
[SourceTitle "CBM 198"]
[Source "ChessBase"]
[SourceDate "2020.10.31"]
[SourceVersion "1"]
[SourceVersionDate "2020.10.31"]
[SourceQuality "1"]
[WhiteTeam "Jamaica"]
[BlackTeam "Sao Tome and Principe"]
[WhiteTeamCountry "JAM"]
[BlackTeamCountry "SAO"]

1. e4 e6 2. d4 d5 3. exd5 exd5 4. Nf3 Bd6 5. c4 Nf6 6. c5 Be7 7. Be2 Nc6 8. 0-0 0-0 9. Nc3 Bf5 10. Qb3 Rb8 11. Bf4 a6 12. Rfe1 Re8 13. Rad1 h6 14. Bg3 Bf8 15. Ne5 Be7 16. Bf3 Be6 17. Qa4 Nxe5 18. Bxe5 Bd7 19. Qa5 b6 20. Qxa6 bxc5 21. dxc5 Bxc5 22. Nxd5 Rxe5 23. Rxe5 Bd6 24. Ree1 Rxb2 25. Rb1 Bb5 26. Nxf6+ Qxf6 27. Qc8+ Kh7 28. Rxb2 Qxb2 29. Qf5+ Kg8 30. Bd5 Qf6 31. Qxf6 gxf6 32. Rc1 Kf8 33. Bc6 Ba6 34. a4 f5 35. Rb1 Ke7 36. Bb5 Bc8 37. a5 Bc5 38. Rc1 Kd6 39. a6 Be6 40. Rd1+ Ke7 41. g3 Bb6 42. Kg2 Bc5 43. Kf3 Bb6 44. Kg2 Bc5 45. f4 Bb6 46. Kh3 Bc5 47. Kh4 f6 48. Kh5 Kf7 49. Kxh6 Bf8+ 50. Kh7 Bc5 51. Rc1 Bb6 52. Rxc7+ Bxc7 53. a7 Bd5 54. Bc4 Bxc4 55. a8Q Be6 56. Qb7 1-0

[Event "Online Olym Div4 E"]
[Site "Chess.com INT"]
[Date "2020.08.01"]
[Round "5.5"]
[White "Espirito Santo, Waldyr"]
[Black "Kamara, Ansumana"]
[Result "1-0"]
[WhiteElo "1914"]
[BlackElo "1899"]
[PlyCount "95"]
[EventDate "2020.07.31"]
[EventType "team-tourn (rapid)"]
[EventRounds "9"]
[EventCountry "USA"]
[SourceTitle "CBM 198"]
[Source "ChessBase"]
[SourceDate "2020.10.31"]
[SourceVersion "1"]
[SourceVersionDate "2020.10.31"]
[SourceQuality "1"]
[WhiteTeam "Sao Tome and Principe"]
[BlackTeam "Sierra Leone"]
[WhiteTeamCountry "SAO"]
[BlackTeamCountry "SIE"]

1. e4 e5 2. Nf3 Nc6 3. Bc4 Be7 4. d3 Nf6 5. 0-0 0-0 6. Re1 d6 7. c3 Bg4 8. h3 Bh5 9. Nbd2 a6 10. Bb3 Na5 11. Bc2 c5 12. Nf1 h6 13. Ng3 Bg6 14. Nh4 Kh7 15. Qf3 b5 16. Nhf5 Ng8 17. Nxe7 Qxe7 18. Nf5 Bxf5 19. exf5 f6 20. b4 cxb4 21. cxb4 Nb7 22. Bb3 Rab8 23. Be3 Nd8 24. Qg4 Kh8 25. d4 Nc6 26. a3 Rfe8 27. Bd5 Nd8 28. Rac1 Qd7 29. dxe5 dxe5 30. Red1 Qe7 31. Bc5 Qc7 32. Bf8 Qa7 33. Bd6 Re7 34. Bxb8 Qxb8 35. Rc5 Rd7 36. Rdc1 Ne7 37. Be6 Rd4 38. Qh5 Nxe6 39. fxe6 Qd6 40. Qf7 Kh7 41. Rc7 Rd1+ 42. Rxd1 Qxd1+ 43. Kh2 Nf5 44. Qxf6 Qd3 45. Qxe5 Kg6 46. Rf7 h5 47. g4 hxg4 48. hxg4 1-0

[Event "Africa-ch Blitz"]
[Site "Casablanca"]
[Date "2019.08.28"]
[Round "1.9"]
[White "Kayonde, Andrew"]
[Black "Espirito Santo, Waldyr"]
[Result "1-0"]
[WhiteElo "2317"]
[BlackElo "1923"]
[PlyCount "61"]
[EventDate "2019.08.28"]
[EventType "swiss (blitz)"]
[EventRounds "9"]
[EventCountry "MAR"]
[SourceTitle "EXT 2024"]
[Source "ChessBase"]
[SourceDate "2023.10.10"]
[SourceVersion "1"]
[SourceVersionDate "2023.10.10"]
[SourceQuality "1"]

1. d4 Nf6 2. Bg5 e6 3. e4 Be7 4. e5 Ng8 5. Be3 d5 6. Qg4 g6 7. Nd2 Bf8 8. h4 h5 9. Qf3 Nh6 10. Bg5 Be7 11. Nh3 Ng4 12. Qf4 Nd7 13. Bd3 0-0 14. Bxe7 Qxe7 15. f3 Ngxe5 16. dxe5 c5 17. c4 Nb6 18. Qg5 Qxg5 19. Nxg5 Kg7 20. Rc1 d4 21. Nde4 Na4 22. b3 Nc3 23. Nxc3 dxc3 24. Rxc3 Bd7 25. Be4 Rab8 26. Rd3 Rfd8 27. Ke2 Bc6 28. Rxd8 Rxd8 29. Rd1 Rb8 30. Bxc6 bxc6 31. Rd7 1-0

[Event "Africa-ch Blitz"]
[Site "Casablanca"]
[Date "2019.08.28"]
[Round "7.14"]
[White "Khetho, Phemelo"]
[Black "Espirito Santo, Waldyr"]
[Result "1-0"]
[WhiteElo "2152"]
[BlackElo "1923"]
[PlyCount "55"]
[EventDate "2019.08.28"]
[EventType "swiss (blitz)"]
[EventRounds "9"]
[EventCountry "MAR"]
[SourceTitle "EXT 2024"]
[Source "ChessBase"]
[SourceDate "2023.10.10"]
[SourceVersion "1"]
[SourceVersionDate "2023.10.10"]
[SourceQuality "1"]

1. e4 e5 2. Nf3 Nc6 3. Nc3 Nf6 4. g3 Bc5 5. Bg2 d6 6. 0-0 a6 7. h3 0-0 8. d3 h6 9. Be3 Nd4 10. Bxd4 exd4 11. Ne2 Bb6 12. Nexd4 c5 13. Ne2 Be6 14. c4 Qd7 15. Kh2 Bc7 16. Nf4 Nh7 17. Nxe6 fxe6 18. Nh4 Rf6 19. f4 Raf8 20. Qg4 Qf7 21. Rae1 b5 22. b3 bxc4 23. dxc4 a5 24. e5 dxe5 25. fxe5 Rf2 26. Rxf2 Qxf2 27. Qxe6+ Kh8 28. Ng6# 1-0

[Event "Africa-chT rapid"]
[Site "Casablanca"]
[Date "2019.08.25"]
[Round "7.5"]
[White "Kayonde, Andrew"]
[Black "Espirito Santo, Waldyr"]
[Result "1-0"]
[WhiteElo "2384"]
[BlackElo "1923"]
[PlyCount "76"]
[EventDate "2019.08.24"]
[EventType "team-swiss (rapid)"]
[EventRounds "9"]
[EventCountry "MAR"]
[SourceTitle "EXT 2020"]
[Source "ChessBase"]
[SourceDate "2019.10.17"]
[SourceVersion "1"]
[SourceVersionDate "2019.10.17"]
[SourceQuality "1"]
[WhiteTeam "Zambia"]
[BlackTeam "Sao Tome and Principe"]
[WhiteTeamCountry "ZAM"]
[BlackTeamCountry "SAO"]

1. d4 Nf6 2. Bg5 e6 3. e4 Be7 4. e5 Nd5 5. Bd2 0-0 6. c4 Nb6 7. Nc3 d5 8. c5 N6d7 9. Nf3 Nc6 10. Bb5 f6 11. exf6 Bxf6 12. Qa4 Ndb8 13. 0-0 Bd7 14. Rfe1 a6 15. Ne2 e5 16. Bxc6 Bxc6 17. Qb3 Nd7 18. dxe5 Nxe5 19. Nxe5 Bxe5 20. f4 Bf6 21. Bc3 Bxc3 22. Qxc3 Qh4 23. g3 Qg4 24. Nd4 Rae8 25. Nxc6 bxc6 26. Re5 Qd7 27. Rae1 Rxe5 28. Qxe5 d4 29. Qe6+ Qxe6 30. Rxe6 Rd8 31. Kf2 Kf7 32. Rxc6 Re8 33. Rxc7+ Ke6 34. Ke2 Kd5+ 35. Kd2 Kc4 36. b3+ Kd5 37. c6 Kd6 38. Rxg7 Kd5 1-0

[Event "Africa-chT rapid"]
[Site "Casablanca"]
[Date "2019.08.24"]
[Round "4.7"]
[White "Mphungu, Gerrard"]
[Black "Espirito Santo, Waldyr"]
[Result "1-0"]
[WhiteElo "2107"]
[BlackElo "1923"]
[PlyCount "111"]
[EventDate "2019.08.24"]
[EventType "team-swiss (rapid)"]
[EventRounds "9"]
[EventCountry "MAR"]
[SourceTitle "EXT 2020"]
[Source "ChessBase"]
[SourceDate "2019.10.17"]
[SourceVersion "1"]
[SourceVersionDate "2019.10.17"]
[SourceQuality "1"]
[WhiteTeam "Malawi"]
[BlackTeam "Sao Tome and Principe"]
[WhiteTeamCountry "MWI"]
[BlackTeamCountry "SAO"]

1. d4 Nf6 2. c4 g6 3. Nf3 Bg7 4. g3 0-0 5. Bg2 d6 6. Nc3 Nc6 7. 0-0 e5 8. d5 Ne7 9. e4 Nd7 10. Be3 f5 11. Ng5 Nf6 12. f3 c6 13. Qd2 h6 14. Ne6 Bxe6 15. dxe6 Kh7 16. f4 Ng4 17. Kh1 Nxe3 18. Qxe3 Qc8 19. fxe5 Bxe5 20. c5 Qxe6 21. cxd6 Bxd6 22. Rad1 Bb4 23. Qd3 Rad8 24. Qe2 a6 25. exf5 Qxe2 26. fxg6+ Kxg6 27. Nxe2 Rxf1+ 28. Rxf1 Rd2 29. Nf4+ Kg7 30. Ne6+ Kh8 31. a3 Bd6 32. Nd8 Ng6 33. Rf6 Rd1+ 34. Bf1 Ne5 35. Nf7+ Nxf7 36. Rxf7 Kg8 37. Rf3 Kg7 38. Kg2 Bc5 39. Rd3 Rxd3 40. Bxd3 a5 41. a4 Kf6 42. Kf3 Bd4 43. b3 c5 44. Ke4 b6 45. g4 Kg5 46. Be2 Bg1 47. Kd5 Bxh2 48. Kc6 Bg1 49. Bc4 Kxg4 50. Kxb6 h5 51. Kxa5 h4 52. Kb5 Kf4 53. a5 Ke5 54. a6 h3 55. a7 h2 56. a8Q 1-0

[Event "Olympiad-42"]
[Site "Baku"]
[Date "2016.09.11"]
[Round "9.2"]
[White "Espirito Santo, Waldyr"]
[Black "Mlawa, Hemed"]
[Result "0-1"]
[WhiteElo "1915"]
[BlackElo "1782"]
[PlyCount "80"]
[EventDate "2016.09.02"]
[EventType "team-swiss"]
[EventRounds "11"]
[EventCountry "AZE"]
[SourceTitle "CBM 175"]
[Source "ChessBase"]
[SourceDate "2016.11.10"]
[SourceVersion "1"]
[SourceVersionDate "2016.11.10"]
[SourceQuality "1"]
[WhiteTeam "Sao Tome and Principe"]
[BlackTeam "Tanzania"]
[WhiteTeamCountry "SAO"]
[BlackTeamCountry "TAN"]

1. e4 c5 2. Nf3 e6 3. d4 cxd4 4. Nxd4 a6 5. Bd3 Qc7 6. Be3 Nc6 7. 0-0 Nf6 8. c3 Be7 9. Nd2 0-0 10. Rc1 d6 11. f4 Nd7 12. Qe2 b5 13. f5 e5 14. N4f3 Bb7 15. g4 Nf6 16. Ng5 Na5 17. b3 d5 18. Qg2 Bc5 19. Bf2 Rad8 20. Bb1 h6 21. Ngf3 dxe4 22. Nd4 Ba3 23. g5 hxg5 24. Nxe4 Bxc1 25. Rxc1 Nxe4 26. Bxe4 Bxe4 27. Qxe4 exd4 28. Bxd4 Qf4 29. Qxf4 gxf4 30. Bb6 Nc6 31. Bxd8 Rxd8 32. f6 g5 33. Re1 Kh7 34. Kf2 Kg6 35. Re2 Kxf6 36. a4 Ne5 37. axb5 axb5 38. Ra2 Rd3 39. Ra6+ Kf5 40. Rb6 Rxc3 0-1

[Event "Olympiad-42"]
[Site "Baku"]
[Date "2016.09.10"]
[Round "8.2"]
[White "Ayyad, Maher"]
[Black "Espirito Santo, Waldyr"]
[Result "1-0"]
[WhiteElo "2076"]
[BlackElo "1915"]
[PlyCount "63"]
[EventDate "2016.09.02"]
[EventType "team-swiss"]
[EventRounds "11"]
[EventCountry "AZE"]
[SourceTitle "CBM 175"]
[Source "ChessBase"]
[SourceDate "2016.11.10"]
[SourceVersion "1"]
[SourceVersionDate "2016.11.10"]
[SourceQuality "1"]
[WhiteTeam "Bahrain"]
[BlackTeam "Sao Tome and Principe"]
[WhiteTeamCountry "BHN"]
[BlackTeamCountry "SAO"]

1. d4 d5 2. Nf3 Nf6 3. Bf4 Bf5 4. e3 e6 5. Ne5 Nbd7 6. g4 Bg6 7. h4 h5 8. Nxg6 fxg6 9. g5 Ne4 10. Bd3 Kf7 11. Qf3 Kg8 12. Bxe4 dxe4 13. Qxe4 Kh7 14. Qxe6 Bb4+ 15. c3 Re8 16. Qb3 Bd6 17. Bxd6 cxd6 18. Nd2 Nb6 19. 0-0-0 d5 20. Rde1 a5 21. Qc2 a4 22. a3 Ra6 23. f4 Qd7 24. Rhf1 Rf8 25. Nf3 Re8 26. Ne5 Rxe5 27. dxe5 Nc4 28. f5 Rb6 29. fxg6+ Kg8 30. Rf7 Qe8 31. Ref1 Rxb2 32. Rf8+ 1-0

[Event "Olympiad-42"]
[Site "Baku"]
[Date "2016.09.05"]
[Round "4.2"]
[White "Espirito Santo, Waldyr"]
[Black "Nanjo, Ryosuke"]
[Result "1-0"]
[WhiteElo "1915"]
[BlackElo "2340"]
[PlyCount "71"]
[EventDate "2016.09.02"]
[EventType "team-swiss"]
[EventRounds "11"]
[EventCountry "AZE"]
[SourceTitle "CBM 175"]
[Source "ChessBase"]
[SourceDate "2016.11.10"]
[SourceVersion "1"]
[SourceVersionDate "2016.11.10"]
[SourceQuality "1"]
[WhiteTeam "Sao Tome and Principe"]
[BlackTeam "Japan"]
[WhiteTeamCountry "SAO"]
[BlackTeamCountry "JPN"]

1. e4 c5 2. Nf3 d6 3. d4 cxd4 4. Nxd4 Nf6 5. Nc3 a6 6. Be2 e6 7. Bg5 Be7 8. Qd2 Qc7 9. 0-0-0 Nbd7 10. f4 0-0 11. g4 b5 12. Bf3 b4 13. Nce2 Bb7 14. Qe3 Rfc8 15. Rd2 Nb6 16. b3 Qc5 17. h4 a5 18. Bxf6 Bxf6 19. g5 Be7 20. h5 a4 21. Kb1 Qa5 22. g6 axb3 23. gxf7+ Kh8 24. cxb3 e5 25. Nf5 Bf6 26. Nxd6 Rc7 27. Rhd1 Rf8 28. f5 Ba6 29. h6 Bxe2 30. hxg7+ Bxg7 31. Bxe2 Rc3 32. Qg5 Rxb3+ 33. axb3 Ra8 34. Rb2 Na4 35. f6 Nc3+ 36. Kc2 1-0